Gone With the Wind / (Record no. 406)

000 -LEADER
fixed length control field 00453nam a2200157Ia 4500
008 - FIXED-LENGTH DATA ELEMENTS--GENERAL INFORMATION
fixed length control field 190805s9999||||xx |||||||||||||| ||und||
020 ## - INTERNATIONAL STANDARD BOOK NUMBER
International Standard Book Number 9789382616597
Terms of availability Rs. 399.00
082 04 - DEWEY DECIMAL CLASSIFICATION NUMBER
Classification number 813.5
Item number M6948
100 1# - MAIN ENTRY--PERSONAL NAME
Personal name Mitchell, Margaret
245 10 - TITLE STATEMENT
Title Gone With the Wind /
260 ## - PUBLICATION, DISTRIBUTION, ETC. (IMPRINT)
Place of publication, distribution, etc New Delhi :
Name of publisher, distributor, etc MacMillan Publishers India Ltd.,
Date of publication, distribution, etc 2015
300 ## - PHYSICAL DESCRIPTION
Extent 1198 p.
Other physical details :
Dimensions ; 22 cm.
650 #0 - SUBJECT ADDED ENTRY--TOPICAL TERM
Topical term or geographic name as entry element Fiction
852 ## - LOCATION/CALL NUMBER
Location
942 ## - ADDED ENTRY ELEMENTS (KOHA)
Item type Books
Holdings
Withdrawn status Lost status Damaged status Not for loan Collection code Date acquired Date last seen Koha item type Permanent location Current location Shelving location Source of acquisition Cost, normal purchase price Total Checkouts Full call number Barcode Date last borrowed Public note
        Fiction 2019-08-05 2019-08-05 Books                    
        Fiction 2019-06-26 2023-09-15 Books IMU Kochi Library IMU Kochi Library Fiction & General Green Books 399.00 1 813.5 M6948 BK005586 2023-08-31 Shelf-19, Row-1


Copyright © All Rights Reserved by Indian Maritime University, Kochi Campus.
For any Suggestions/Query Contact to library or Email: library.kochi@imu.ac.in Ph:(0484)-2989402
(Web OPAC Designed by Rudra Ranjan. Maintained by IMU Kochi Library)

Powered by Koha